Sublime itinerario : (Record n. 23247)

Dettagli MARC
000 -LEADER
fixed length control field 00832nam a2200241 i 4500
003 - CONTROL NUMBER IDENTIFIER
control field IT-RoINE
005 - DATE AND TIME OF LATEST TRANSACTION
control field 20180313110304.0
008 - FIXED-LENGTH DATA ELEMENTS--GENERAL INFORMATION
fixed length control field 050411s2004 sp a r ||1 ||spa d
020 ## - INTERNATIONAL STANDARD BOOK NUMBER
International Standard Book Number 8460774759
040 ## - CATALOGING SOURCE
Original cataloging agency SpMaBN
Transcribing agency IT-RoINE
Modifying agency IT-RoINE
100 1# - MAIN ENTRY--PERSONAL NAME
Personal name Martín Ribas, Ramiro,
Dates associated with a name 1953-
9 (RLIN) 45921
245 10 - TITLE STATEMENT
Title Sublime itinerario :
Remainder of title guía inédita religiosa, hagiográfica, histórica, artística de España /
Statement of responsibility, etc Ramiro Martín Ribas ; [coautores, José Martín Ribas ... et al.]
250 ## - EDITION STATEMENT
Edition statement 2ª ed.
260 ## - PUBLICATION, DISTRIBUTION, ETC. (IMPRINT)
Place of publication, distribution, etc [Madrid :
Name of publisher, distributor, etc R. Martín,
Date of publication, distribution, etc 2004.
300 ## - PHYSICAL DESCRIPTION
Extent 1088 p. :
Other physical details il. ;
Dimensions 25 cm.
336 ## - CONTENT TYPE
Source rdacontent
Content type term text
337 ## - MEDIA TYPE
Source rdamedia
Media type term unmediated
338 ## - CARRIER TYPE
Source rdacarrier
Carrier type term volume
500 ## - GENERAL NOTE
General note Incluye índices.
651 #4 - SUBJECT ADDED ENTRY--GEOGRAPHIC NAME
Geographic name España
General subdivision Descripciones y viajes
9 (RLIN) 7727
700 1# - ADDED ENTRY--PERSONAL NAME
Personal name Martín Ribas, José
9 (RLIN) 45922
942 ## - ADDED ENTRY ELEMENTS (KOHA)
Item type Monografías
Dati di copia
Withdrawn status Lost status Damaged status Not for loan Home library Current library Date acquired Total Checkouts Full call number Barcode Date last seen Price effective from Koha item type
        Iglesia Nacional Española en Roma Iglesia Nacional Española en Roma 13/03/2018   ART.ARQ 803 48382 13/03/2018 13/03/2018 Monografías